书目信息 |
| 题名: |
智语箴言
|
|
| 作者: | 冀文正 编著 | |
| 分册: | ||
| 出版信息: | 成都 电子科技大学出版社 2016 |
|
| 页数: | 173页 | |
| 开本: | 24cm | |
| 丛书名: | 珞渝文化丛书 | |
| 单 册: | ||
| 中图分类: | I277.7 | |
| 科图分类: | ||
| 主题词: | 珞巴族--luo ba zu--谚语--林芝地区--汇编 , 门巴族--men ba zu--谚语--林芝地区--汇编 | |
| 电子资源: | ||
| ISBN: | 978-7-5647-3419-0 | |
| 000 | 01037nam0 22002891 450 | |
| 001 | 0120082142 | |
| 005 | 20170320082142.0 | |
| 010 | @a978-7-5647-3419-0@dCNY28.00 | |
| 100 | @a20160712d2016 em y0chiy50 ea | |
| 101 | 0 | @achi |
| 102 | @aCN@b510000 | |
| 105 | @aa z 000yy | |
| 106 | @ar | |
| 200 | 1 | @a智语箴言@9zhi yu zhen yan@f冀文正编著 |
| 210 | @a成都@c电子科技大学出版社@d2016 | |
| 215 | @a173页@c照片@d24cm | |
| 225 | 2 | @a珞渝文化丛书@9luo yu wen hua cong shu |
| 300 | @a“十二五”国家重点出版物出版规划项目 国家出版基金项目 国家出版基金资助项目 中国民间文化遗产抢救工程 | |
| 300 | @a四川省民间文艺家协会主办 | |
| 330 | @a本书以作者搜集并整理的流传在墨脱的珞渝地区的民族谚语为主要内容,包括生活、智慧、宗教、风俗等篇章。 | |
| 461 | 0 | @12001 @a珞渝文化丛书 |
| 606 | 0 | @a珞巴族@9luo ba zu@x谚语@y林芝地区@j汇编 |
| 606 | 0 | @a门巴族@9men ba zu@x谚语@y林芝地区@j汇编 |
| 690 | @aI277.7@v5 | |
| 701 | 0 | @a冀文正@9ji wen zheng@f(1932~)@4编著 |
| 801 | 0 | @aCN@bTANGWEI@c20170308 |
| 905 | @b0956532-5@dI277.7@e202@f4 | |
| 智语箴言/冀文正编著.-成都:电子科技大学出版社,2016 |
| 173页:照片;24cm.-(珞渝文化丛书) |
| “十二五”国家重点出版物出版规划项目 国家出版基金项目 国家出版基金资助项目 中国民间文化遗产抢救工程.-四川省民间文艺家协会主办 |
| ISBN 978-7-5647-3419-0:CNY28.00 |
| 本书以作者搜集并整理的流传在墨脱的珞渝地区的民族谚语为主要内容,包括生活、智慧、宗教、风俗等篇章。 |
| ● |
| 相关链接 |
|
|
|
|
正题名:智语箴言
索取号:I277.7/202
 
预约/预借
| 序号 | 登录号 | 条形码 | 馆藏地/架位号 | 状态 | 备注 |
| 1 | 0956532 | 209565326 | 第一样本阅览室/ [索取号:I277.7/202] | 在馆 | |
| 2 | 0956533 | 209565335 | 第二借阅区/ [索取号:I277.7/202] | 在馆 | |
| 3 | 0956534 | 209565344 | 第二借阅区/ [索取号:I277.7/202] | 在馆 | |
| 4 | 0956535 | 209565353 | 第二借阅区/ [索取号:I277.7/202] | 在馆 |